| 000 | 00567nam a22001817a 4500 | ||
|---|---|---|---|
| 005 | 20150608105101.0 | ||
| 010 | _aENG-112734 | ||
| 020 |
_a9789350099285 _c350.00 |
||
| 035 | _aEN-96266 | ||
| 037 | _bDBAD/PUB | ||
| 082 | _a613.2 | ||
| 100 | _aSingh, Neelanjana | ||
| 245 |
_aOur kid eats everything / _cby Neelanjana Singh |
||
| 260 |
_aGurgaon _bHachette Book Publishing _c2015 |
||
| 270 |
_a4th & 5th Floors, Corporate Centre, Plot No.94, Sector-44, _bGurgaon _e122003 |
||
| 300 |
_axvi,309p. _c21cm(pbk) |
||
| 942 |
_2ddc _cEN _mSIN _h613.2 |
||
| 999 |
_c93100 _d93100 |
||